[Event "10th American Continental"]
[Site "Montevideo URU"]
[Date "2015.05.15"]
[Round "1.25"]
[White "Borgeaud Fuentes, Oscar"]
[Black "Rodriguez Vila, Andres"]
[Result "0-1"]
[BlackTitle "GM"]
[WhiteElo "2003"]
[BlackElo "2485"]
[WhiteFideId "3409325"]
[BlackFideId "3000010"]
[EventDate "2015.05.15"]
[EventType "swiss"]

1. Nf3 f5 2. g3 Nf6 3. Bg2 g6 4. d4 Bg7 5. O-O O-O 6. c4 d6 7. Nc3 Nc6 8. b3 Qe8
9. Nb5 Qd7 10. d5 Nd8 11. Ng5 c5 12. Ne6 Nxe6 13. dxe6 Qd8 14. Bf4 Ne4 15. Rc1
Bxe6 16. f3 Nf6 17. e4 Nh5 18. exf5 gxf5 19. Bg5 h6 20. Bh4 Nf6 21. Re1 Bd7 22.
f4 Bc6 23. Nc3 Rf7 24. Qd3 Qd7 25. Bxf6 Bxf6 26. Bd5 Bd4+ 27. Kf1 Bxd5 28. cxd5
a6 29. Re6 Bg7 30. Nd1 Raf8 31. Ne3 Rf6 32. Re1 R8f7 33. Nc4 Bf8 34. a3 Qc7 35.
Qc3 Rxe6 36. Rxe6 Bg7 37. Qe1 Qd7 38. Qe2 Kf8 39. a4 Rf6 40. h4 Rxe6 41. dxe6
Qc6 42. Qh5 Qh1+ 43. Ke2 Qg2+ 44. Ke1 Qxg3+ 45. Ke2 Qg2+ 46. Ke1 Qe4+ 47. Qe2
Bc3+ 48. Kf2 Qxf4+ 49. Kg2 Qe4+ 50. Qxe4 fxe4 51. Ne3 b5 52. Nd5 Bf6 53. axb5
axb5 54. h5 b4 55. Nb6 Kg7 56. Kf1 Be5 57. Nd5 c4 0-1

[Event "10th American Continental"]
[Site "Montevideo URU"]
[Date "2015.05.15"]
[Round "1.26"]
[White "Henriquez Villagra, Cristobal"]
[Black "Muzzi, Eduardo"]
[Result "1-0"]
[WhiteTitle "IM"]
[BlackTitle "CM"]
[WhiteElo "2478"]
[BlackElo "1987"]
[WhiteFideId "3409350"]
[BlackFideId "3001253"]
[EventDate "2015.05.15"]
[EventType "swiss"]

1. d4 e6 2. c4 f5 3. Nc3 Nf6 4. Nf3 d5 5. Qc2 c6 6. e3 Bd6 7. Bd3 Ne4 8. O-O O-O
9. Ne5 Nd7 10. f4 Nxe5 11. dxe5 Be7 12. Bxe4 dxe4 13. b3 Qc7 14. Rd1 Bd7 15. c5
Rfd8 16. Ba3 Be8 17. Rd6 Bxd6 18. exd6 Qf7 19. Bb2 b6 20. Rd1 Bd7 21. Ne2 Rab8
22. Nd4 Rb7 23. Rd2 Rdb8 24. Qc3 Re8 25. b4 bxc5 26. Qxc5 Rc8 27. Bc3 a6 28. a4
Qe8 29. Nb3 Rcb8 30. Qd4 Qf7 31. Nc5 Rb6 32. a5 Rb5 33. Nxa6 Rd5 34. Nxb8 Rxd4
35. Bxd4 Bc8 36. a6 Bxa6 37. d7 1-0

[Event "10th American Continental"]
[Site "Montevideo URU"]
[Date "2015.05.15"]
[Round "1.27"]
[White "D Andrea, Leonardo"]
[Black "Vera Siguenas, Deivy"]
[Result "0-1"]
[BlackTitle "IM"]
[WhiteElo "1984"]
[BlackElo "2469"]
[WhiteFideId "3005232"]
[BlackFideId "3804623"]
[EventDate "2015.05.15"]
[EventType "swiss"]

1. d4 Nf6 2. Nf3 g6 3. Bf4 Bg7 4. e3 O-O 5. Be2 d6 6. O-O c5 7. c3 b6 8. h3 Bb7
9. Nbd2 Nbd7 10. Bh2 Qc7 11. Rc1 a6 12. a4 Rfd8 13. b4 Rac8 14. Qb3 Bd5 15. c4
Bb7 16. dxc5 bxc5 17. b5 Ne4 18. Nxe4 Bxe4 19. Nd2 Ba8 20. Bf3 Bxf3 21. Nxf3
axb5 22. axb5 Ra8 23. Rc2 Nb6 24. e4 Ra4 25. Qd3 Rda8 26. Bf4 Qc8 27. e5 d5 28.
Bg5 dxc4 29. Qe3 f6 30. Bh4 Ra3 31. Qe4 f5 32. Qe2 Qe6 33. Bg3 h6 34. h4 Ra1 35.
Rxa1 Rxa1+ 36. Kh2 Rb1 37. Nd2 Rxb5 38. Nxc4 Nxc4 39. Rxc4 Rb4 40. Rxb4 cxb4 41.
f4 b3 42. Be1 g5 43. hxg5 hxg5 44. g3 Qc6 45. Kg1 gxf4 46. gxf4 Qb6+ 47. Bf2 b2
48. Qc4+ Kh7 49. Bxb6 b1=Q+ 50. Kh2 Qxb6 51. Qc8 Qf2+ 0-1

[Event "10th American Continental"]
[Site "Montevideo URU"]
[Date "2015.05.15"]
[Round "1.28"]
[White "Terry, Renato"]
[Black "Cimer, Emmanuel"]
[Result "1-0"]
[WhiteTitle "FM"]
[WhiteElo "2464"]
[BlackElo "1982"]
[WhiteFideId "3803457"]
[BlackFideId "137073"]
[EventDate "2015.05.15"]
[EventType "swiss"]

1. d4 Nf6 2. Nf3 g6 3. c4 Bg7 4. g3 O-O 5. Bg2 d6 6. O-O Nbd7 7. Nc3 e5 8. e4 a5
9. Re1 c6 10. h3 exd4 11. Nxd4 Nc5 12. b3 Re8 13. Bf4 a4 14. Rb1 axb3 15. axb3
Ne6 16. Nxe6 Rxe6 17. Na4 Nh5 18. Be3 Qe8 19. Nb6 Ra6 20. b4 Nf6 21. b5 Ra3 22.
Bf4 Bd7 23. Bxd6 cxb5 24. Nxd7 1-0

[Event "10th American Continental"]
[Site "Montevideo URU"]
[Date "2015.05.15"]
[Round "1.29"]
[White "Dornelles, Marcio Neron Camargo"]
[Black "Molina, Roberto Junio Brito"]
[Result "0-1"]
[BlackTitle "IM"]
[WhiteElo "1980"]
[BlackElo "2455"]
[WhiteFideId "2146673"]
[BlackFideId "2109450"]
[EventDate "2015.05.15"]
[EventType "swiss"]

1. e4 c5 2. Nf3 e6 3. c3 Nf6 4. e5 Nd5 5. d4 cxd4 6. cxd4 d6 7. Nc3 Nxc3 8. bxc3
Nc6 9. exd6 Qxd6 10. Bd3 Be7 11. O-O O-O 12. Re1 b6 13. Qe2 Bb7 14. Qe4 g6 15.
Qg4 h5 16. Qh3 Bf6 17. Ng5 Ne7 18. Ne4 Bxe4 19. Bxe4 Rac8 20. Bb2 Rfd8 21. Rad1
Nf5 22. Qd3 Qc7 23. Qf3 Qc4 24. Bb1 Bg7 25. Rd2 Qb5 26. Bxf5 Qxf5 27. Qe2 Qa5
28. c4 Rxc4 29. Red1 Qd5 30. Qe3 Rdc8 31. h3 Bf8 32. Ba3 Rc3 33. Rd3 Rxd3 34.
Qxd3 Qxa2 35. Bxf8 Rxf8 36. g4 hxg4 37. hxg4 Qd5 38. Re1 Rd8 39. Re4 e5 0-1

[Event "10th American Continental"]
[Site "Montevideo URU"]
[Date "2015.05.15"]
[Round "1.30"]
[White "Barbosa, Evandro Amorim"]
[Black "Monteiro, Artur Fernando"]
[Result "1-0"]
[WhiteTitle "IM"]
[WhiteElo "2438"]
[BlackElo "1972"]
[WhiteFideId "2115824"]
[BlackFideId "2108380"]
[EventDate "2015.05.15"]
[EventType "swiss"]

1. e4 e6 2. d4 d5 3. Nc3 dxe4 4. Nxe4 Nd7 5. Nf3 Ngf6 6. Nxf6+ Nxf6 7. c3 c5 8.
Ne5 a6 9. Bg5 cxd4 10. Qa4+ Bd7 11. Qxd4 Qc7 12. O-O-O Bb5 13. Bxf6 gxf6 14. Ng4
Bg7 15. Bxb5+ axb5 16. Nxf6+ Bxf6 17. Qxf6 Rg8 18. a3 Ra4 19. g3 Rg6 20. Qh8+
Ke7 21. Qxh7 Rf6 22. Qc2 Rf3 23. Rd3 Rxd3 24. Qxd3 b4 25. Qb5 Qc6 26. Qxc6 bxc6
27. cxb4 c5 28. bxc5 Rc4+ 29. Kb1 Rxc5 30. Rc1 Rh5 31. h4 f5 32. f4 e5 33. fxe5
Ke6 34. Re1 f4 35. gxf4 Rxh4 36. f5+ Kxf5 37. e6 Rh8 38. e7 Re8 39. a4 Kf6 40.
a5 Rxe7 41. Rxe7 Kxe7 42. a6 1-0

[Event "10th American Continental"]
[Site "Montevideo URU"]
[Date "2015.05.15"]
[Round "1.31"]
[White "Ruggiero, Alvaro"]
[Black "Cori T., Deysi"]
[Result "0-1"]
[WhiteTitle "CM"]
[BlackTitle "WGM"]
[WhiteElo "1967"]
[BlackElo "2431"]
[WhiteFideId "3001504"]
[BlackFideId "3801934"]
[EventDate "2015.05.15"]
[EventType "swiss"]

1. e4 c5 2. Nc3 e6 3. f4 a6 4. Nf3 b5 5. d3 Bb7 6. g3 d5 7. exd5 exd5 8. Bg2 Nf6
9. O-O Be7 10. d4 O-O 11. Ne2 cxd4 12. Nexd4 b4 13. Ne5 Bc5 14. Kh1 Ne4 15. Be3
Qb6 16. f5 Re8 17. Nef3 Nxg3+ 18. hxg3 Rxe3 19. Re1 Qh6+ 20. Kg1 Nc6 21. Kf1
Nxd4 22. Nxd4 Rxe1+ 23. Kxe1 Qe3+ 0-1

[Event "10th American Continental"]
[Site "Montevideo URU"]
[Date "2015.05.15"]
[Round "1.32"]
[White "Supi, Luis Paulo"]
[Black "Acosta, Mariano USA"]
[Result "1-0"]
[WhiteTitle "IM"]
[WhiteElo "2416"]
[BlackElo "1967"]
[WhiteFideId "2106388"]
[BlackFideId "2008629"]
[EventDate "2015.05.15"]
[EventType "swiss"]

1. d4 Nf6 2. c4 g6 3. Nc3 d5 4. cxd5 Nxd5 5. e4 Nxc3 6. bxc3 Bg7 7. Bc4 c5 8.
Ne2 cxd4 9. cxd4 Nc6 10. Be3 O-O 11. O-O b6 12. Rc1 Bb7 13. h4 Na5 14. Bd3 Rc8
15. h5 e6 16. Qd2 Nc6 17. e5 Ne7 18. Rxc8 Qxc8 19. Bh6 Qc6 20. f3 Nf5 21. Bxf5
exf5 22. Bxg7 Kxg7 23. Rc1 Qd7 24. Qg5 f6 25. Qe3 Ba6 26. Nf4 Rc8 27. h6+ Kf8
28. Rxc8+ Bxc8 29. exf6 Kf7 30. Nh3 g5 31. Nxg5+ Kxf6 32. Nh3 Qe6 33. Qg5+ Kf7
34. Qg7+ Ke8 35. Qxh7 Qe3+ 36. Kh2 Qxd4 37. Qg8+ Ke7 1-0

[Event "10th American Continental"]
[Site "Montevideo URU"]
[Date "2015.05.15"]
[Round "1.33"]
[White "Zimmermann, Kleber Renato P."]
[Black "Quintiliano Pinto, Renato R."]
[Result "0-1"]
[WhiteTitle "CM"]
[BlackTitle "FM"]
[WhiteElo "1966"]
[BlackElo "2411"]
[WhiteFideId "2150050"]
[BlackFideId "2117568"]
[EventDate "2015.05.15"]
[EventType "swiss"]

1. d4 d5 2. c4 e6 3. Nc3 c6 4. cxd5 exd5 5. Bf4 Bd6 6. Bxd6 Qxd6 7. Nf3 Bf5 8.
e3 Nd7 9. Bd3 Bxd3 10. Qxd3 Ngf6 11. O-O O-O 12. Rab1 a5 13. Rfc1 Rfe8 14. Qc2
Re6 15. a3 b5 16. Ng5 Ree8 17. Ne2 Rac8 18. Ng3 g6 19. a4 b4 20. Nf3 h5 21. h4
Qe7 22. Qe2 c5 23. dxc5 Nxc5 24. Qb5 Ng4 25. Qe2 Ne4 26. Rf1 Nxg3 27. fxg3 Qd6
28. Ng5 Qxg3 0-1

[Event "10th American Continental"]
[Site "Montevideo URU"]
[Date "2015.05.15"]
[Round "1.34"]
[White "Martinez Romero, Martin"]
[Black "Diaz, Maria M.A."]
[Result "1-0"]
[WhiteTitle "IM"]
[BlackTitle "WFM"]
[WhiteElo "2404"]
[BlackElo "1963"]
[WhiteFideId "4404025"]
[BlackFideId "7500114"]
[EventDate "2015.05.15"]
[EventType "swiss"]

1. e4 d6 2. d4 Nf6 3. Nc3 g6 4. f4 Bg7 5. Nf3 O-O 6. Bd3 Na6 7. O-O c5 8. d5 Nc7
9. Re1 e6 10. dxe6 Bxe6 11. f5 Bd7 12. Bf4 Bc6 13. Bc4 b5 14. Qxd6 Qxd6 15. Bxd6
bxc4 16. Bxc7 gxf5 17. exf5 Rfc8 18. Be5 Rd8 19. Rad1 Rxd1 20. Rxd1 Ne4 21. Nd5
Re8 22. f6 Bf8 23. Nc7 Rc8 24. h4 Nxf6 25. Bxf6 Rxc7 26. Ne5 Ba4 27. Rd8 Bxc2
28. Nd7 1-0

[Event "10th American Continental"]
[Site "Montevideo URU"]
[Date "2015.05.15"]
[Round "1.35"]
[White "Rodriguez Farias, Eduardo"]
[Black "Santiago, Yago De Moura"]
[Result "0-1"]
[BlackTitle "IM"]
[WhiteElo "1956"]
[BlackElo "2400"]
[WhiteFideId "3005062"]
[BlackFideId "2103877"]
[EventDate "2015.05.15"]
[EventType "swiss"]

1. e4 g6 2. d4 Bg7 3. Be3 d6 4. Qd2 a6 5. Nc3 b5 6. f3 Bb7 7. O-O-O Nd7 8. h4
Ngf6 9. g4 h6 10. Nce2 c5 11. Ng3 cxd4 12. Bxd4 Qc7 13. N1e2 Ne5 14. Bxe5 dxe5
15. Nc3 e6 16. Kb1 Bf8 17. g5 hxg5 18. Qxg5 Be7 19. Qe3 Nh5 20. Nxh5 Rxh5 21.
Qf2 Qc5 22. Qg3 Qe3 23. Rd3 Qh6 24. Be2 Bxh4 25. Qg1 Bd8 26. Rxh5 gxh5 27. Qg8+
Qf8 28. Qh7 b4 29. Nd1 h4 30. Nf2 Bf6 31. Ng4 Qg7 32. Nxf6+ Qxf6 33. Qg8+ Ke7
34. Qg1 Kf8 35. Qc5+ Kg7 36. Rd1 Rd8 37. Rg1+ Kh7 38. Qxb4 Bc6 39. Bd3 Bb5 40.
Qd2 Bxd3 41. cxd3 Qxf3 42. Rg7+ Kxg7 43. Qg5+ Kh7 44. Qxh4+ Kg6 0-1

[Event "10th American Continental"]
[Site "Montevideo URU"]
[Date "2015.05.15"]
[Round "1.36"]
[White "Paveto, Kevin"]
[Black "Pereira, Henry Alberto"]
[Result "0-1"]
[WhiteTitle "FM"]
[WhiteElo "2400"]
[BlackElo "1955"]
[WhiteFideId "173444"]
[BlackFideId "4433270"]
[EventDate "2015.05.15"]
[EventType "swiss"]

1. e4 d5 2. exd5 Qxd5 3. Nc3 Qd6 4. d4 Nf6 5. Nf3 g6 6. Ne5 Bg7 7. Bf4 Nd5 8.
Bb5+ c6 9. Nxc6 Nxf4 10. Ne4 Qd5 11. Nc3 Qxg2 12. Nxb8+ Kf8 13. Kd2 Rxb8 14. Kc1
Bg4 15. Qe1 Bxd4 16. Rg1 Qh3 17. Qd2 e5 18. Ne4 Rd8 19. Qb4+ Kg7 20. Qe7 Nd5 21.
Qg5 f6 22. Qd2 Bf5 23. Ng3 Ne7 24. Qb4 Nd5 25. Qd2 Qg4 26. Be2 Qh3 27. Bf1 Nf4
28. Qb4 Qg4 29. Qe1 Be6 30. a4 Bxf2 0-1

[Event "10th American Continental"]
[Site "Montevideo URU"]
[Date "2015.05.15"]
[Round "1.37"]
[White "Dominguez, Facundo"]
[Black "Pierrot, Facundo"]
[Result "0-1"]
[BlackTitle "IM"]
[WhiteElo "1947"]
[BlackElo "2377"]
[WhiteFideId "3005178"]
[BlackFideId "103250"]
[EventDate "2015.05.15"]
[EventType "swiss"]

1. e4 c5 2. Nf3 e6 3. d4 cxd4 4. Nxd4 Nf6 5. Nc3 Nc6 6. Be2 Bb4 7. f3 d5 8. exd5
Nxd5 9. Nxc6 bxc6 10. Bd2 Nxc3 11. Bxc3 Bxc3+ 12. bxc3 Qxd1+ 13. Rxd1 Rb8 14.
Kf2 Ke7 15. Rb1 Rxb1 16. Rxb1 Kd6 17. Rb4 Re8 18. Ke3 e5 19. g3 g5 20. Bd3 f5
21. h4 h6 22. Kf2 Re7 23. hxg5 hxg5 24. Rb1 e4 25. fxe4 fxe4 26. Be2 Be6 27. a3
e3+ 28. Kg2 Bd5+ 29. Bf3 Rf7 30. Bxd5 Kxd5 31. Rd1+ Ke5 32. Rd8 Rf2+ 33. Kg1 Ke4 0-1

[Event "10th American Continental"]
[Site "Montevideo URU"]
[Date "2015.05.15"]
[Round "1.38"]
[White "Escalante Ramirez, Brian Sebasti"]
[Black "Sopko, Cassio Roberto"]
[Result "1-0"]
[WhiteElo "2373"]
[BlackElo "1930"]
[WhiteFideId "3819566"]
[BlackFideId "2167867"]
[EventDate "2015.05.15"]
[EventType "swiss"]

1. e4 e5 2. Nf3 Nf6 3. d4 Nxe4 4. Bd3 d5 5. Nxe5 Nd7 6. Nxd7 Bxd7 7. O-O Be6 8.
Bxe4 dxe4 9. Nc3 Bd6 10. Re1 f5 11. Qh5+ g6 12. Qh6 Bf8 13. Qh3 Bg7 14. Nxe4
Qxd4 15. Ng5 O-O-O 16. Nxe6 Rde8 17. Bh6 1-0

[Event "10th American Continental"]
[Site "Montevideo URU"]
[Date "2015.05.15"]
[Round "1.39"]
[White "Cao, Jorge"]
[Black "Choma, Ernani Francisco"]
[Result "0-1"]
[BlackTitle "FM"]
[WhiteElo "1929"]
[BlackElo "2361"]
[WhiteFideId "3000109"]
[BlackFideId "2106922"]
[EventDate "2015.05.15"]
[EventType "swiss"]

1. d4 Nf6 2. c4 c5 3. d5 e6 4. Nc3 exd5 5. cxd5 d6 6. e4 g6 7. Nf3 Bg7 8. h3 O-O
9. Bd3 Nh5 10. Bg5 Bf6 11. Qd2 Nd7 12. g4 Ne5 13. Qe3 Bxg5 14. Nxg5 Nf4 15. Bf1
Qxg5 16. O-O-O h6 17. Kb1 a6 18. Rg1 Qf6 19. Ne2 Nxe2 20. Bxe2 g5 21. h4 Kg7 22.
hxg5 hxg5 23. Rh1 Ng6 24. Rh5 Nf4 25. Rdh1 Rg8 26. Rh7+ Kf8 27. R7h6 Qe5 28. Bf3
Bd7 29. Rh7 Qd4 30. Qe1 Qd3+ 31. Ka1 Qxf3 32. e5 Qxd5 33. exd6 Qxd6 34. Qc3 Qd4
35. Qa5 Nd3 36. Qb6 Qxb2+ 0-1

[Event "10th American Continental"]
[Site "Montevideo URU"]
[Date "2015.05.15"]
[Round "1.40"]
[White "Lujan, Carolina"]
[Black "Boff, Andre Ricardo"]
[Result "1-0"]
[WhiteTitle "IM"]
[WhiteElo "2353"]
[BlackElo "1927"]
[WhiteFideId "109878"]
[BlackFideId "2154854"]
[EventDate "2015.05.15"]
[EventType "swiss"]

1. e4 e6 2. Qe2 d5 3. d3 Be7 4. Nf3 b5 5. g3 Nf6 6. Bg2 O-O 7. O-O Bb7 8. e5
Nfd7 9. h4 c5 10. Bf4 Nc6 11. Re1 Qb6 12. c3 b4 13. Nbd2 bxc3 14. bxc3 Rfd8 15.
Rab1 Qc7 16. Nf1 Rab8 17. N1h2 Ba6 18. Rbc1 Rb6 19. h5 Rdb8 20. h6 g6 21. Ng4
Rb2 22. Rc2 Rb1 23. Rxb1 Rxb1+ 24. Kh2 Qb8 25. Bh3 Bd8 26. Nd2 Rb6 27. Bg2 Qc8
28. Nf3 Ne7 29. Ne3 Nc6 30. c4 d4 31. Ng4 Ne7 32. Ng5 Bb7 33. Ne4 Bxe4 34. Bxe4
Bc7 35. Rb2 Qb8 36. Rxb6 Qxb6 37. Qc2 Qa5 38. Bd2 Qa6 39. Bf4 Qa5 40. Qb2 Qb6
41. Qa3 Qa5 42. Qxa5 Bxa5 43. Nf6+ Nxf6 44. exf6 Nf5 45. g4 g5 46. Bxg5 Nd6 47.
Bc6 Bc7 48. Kg2 Kf8 49. Kf3 Ne8 50. Bxe8 Kxe8 51. Ke4 Kd7 52. Bf4 Bd8 53. g5 Kc6
54. Be5 1-0

[Event "10th American Continental"]
[Site "Montevideo URU"]
[Date "2015.05.15"]
[Round "1.41"]
[White "Gauche, Eduardo"]
[Black "Van Riemsdijk, Herman C."]
[Result "0-1"]
[BlackTitle "IM"]
[WhiteElo "1927"]
[BlackElo "2352"]
[WhiteFideId "2128209"]
[BlackFideId "2100053"]
[EventDate "2015.05.15"]
[EventType "swiss"]

1. d4 c5 2. e4 cxd4 3. Nf3 Nc6 4. c3 dxc3 5. Nxc3 e6 6. Bd3 d6 7. O-O Nf6 8. Bg5
Be7 9. Qd2 O-O 10. Rad1 Ne8 11. Be3 a6 12. Na4 b5 13. Nb6 Rb8 14. Nxc8 Qxc8 15.
Rc1 Qb7 16. Bb1 Nf6 17. Bg5 Rbc8 18. b3 Rfd8 19. Qb2 h6 20. Bh4 Nh5 21. Bxe7
Qxe7 22. g3 Qf6 23. Qe2 g6 24. Rfd1 Ng7 25. Kg2 e5 26. Qe3 Ne6 27. Qxh6 Ncd4 28.
Nxd4 Nxd4 29. Qe3 Rc5 30. Rf1 Rdc8 31. Rcd1 Qe6 32. f4 Nc2 33. Qd3 Rc3 34. Bxc2
Rxd3 35. Bxd3 Rc3 36. f5 Qc8 37. Bb1 gxf5 38. Rxf5 Rc2+ 39. Kh1 Rc1 40. Rff1
Rxd1 41. Rxd1 Qc5 42. Kg2 Qc3 43. g4 Kg7 44. h3 f6 45. Rxd6 Qb2+ 46. Kf3 Qxb1
47. Rxa6 Qd3+ 0-1

[Event "10th American Continental"]
[Site "Montevideo URU"]
[Date "2015.05.15"]
[Round "1.42"]
[White "Disconzi da Silva, Rodrigo"]
[Black "Braga, Jose Pereira"]
[Result "1-0"]
[WhiteTitle "IM"]
[WhiteElo "2339"]
[BlackElo "1911"]
[WhiteFideId "2100991"]
[BlackFideId "2103435"]
[EventDate "2015.05.15"]
[EventType "swiss"]

1. d4 d5 2. c4 Nf6 3. cxd5 Nxd5 4. Nf3 c6 5. e4 Nf6 6. Nc3 g6 7. h3 Bg7 8. Be2
Nbd7 9. O-O Nb6 10. Be3 O-O 11. Qd2 Be6 12. b3 Re8 13. Rfd1 Qc8 14. Rac1 Qb8 15.
Bf4 Qd8 16. Qe3 Nh5 17. Bh2 a5 18. Ng5 Nf6 19. Nxe6 fxe6 20. a4 Rf8 21. g4 Nfd7
22. f4 Qe8 23. Kg2 Qf7 24. Nb1 Bh6 25. g5 Bg7 26. Bg4 h5 27. Be2 Rfc8 28. Nd2
Kh7 29. Nf3 Bh8 30. Nh4 Bg7 31. Bxh5 Nf8 32. f5 exf5 33. exf5 Qd5+ 34. Bf3 Qd8
35. Nxg6 Nd5 36. Qe4 Nd7 37. Re1 e5 38. Qh4+ Kg8 39. dxe5 Qb6 40. Bxd5+ cxd5 41.
Ne7+ Kf8 42. Nxc8 Qxb3 43. f6 Qb2+ 44. Qf2 1-0

[Event "10th American Continental"]
[Site "Montevideo URU"]
[Date "2015.05.15"]
[Round "1.44"]
[White "Larrea, Manuel"]
[Black "Gomes, Carlos Henrique Caldeira"]
[Result "1-0"]
[WhiteTitle "FM"]
[WhiteElo "2327"]
[BlackElo "1894"]
[WhiteFideId "3000508"]
[BlackFideId "2120160"]
[EventDate "2015.05.15"]
[EventType "swiss"]

1. e4 c6 2. d4 d5 3. exd5 cxd5 4. c4 Nf6 5. Nc3 Nc6 6. Bg5 e6 7. Nf3 Be7 8. a3
dxc4 9. Bxc4 O-O 10. O-O a6 11. Re1 Nd5 12. Bxd5 Bxg5 13. Bxc6 bxc6 14. Nxg5
Qxg5 15. Ne4 Qd5 16. Nc5 Rd8 17. Qa4 a5 18. Rad1 Ba6 19. Nxa6 Rxa6 20. Re5 Qd6
21. h4 Rb6 22. Rd2 Rdb8 23. Rxa5 Qf4 24. Rc2 Rxb2 25. Rxb2 Qc1+ 26. Kh2 Qxb2 27.
Ra8 g6 28. Qxc6 Rxa8 29. Qxa8+ Kg7 30. Qf3 Qxd4 31. g3 e5 32. Kg2 h5 33. Qb3
Qe4+ 34. Qf3 Qd4 35. Qb7 e4 36. Qb3 Kf6 37. a4 e3 38. fxe3 Qe4+ 39. Kf2 Qf5+ 40.
Kg2 Qe4+ 41. Kf2 Qf5+ 42. Ke1 Qe5 43. Qb6+ Ke7 44. Qb4+ Ke6 45. Kf2 Qf5+ 46. Kg1
Qf3 47. Qe1 Kd6 48. a5 Kc6 49. Qf2 Qd1+ 50. Kg2 Qb3 51. Qf6+ Kb7 52. Kf3 Qd1+
53. Kf4 Qg4+ 54. Ke5 Qxg3+ 55. Qf4 Qg1 56. Qb4+ Kc8 57. Qc5+ Kd8 58. Qf8+ 1-0

[Event "10th American Continental"]
[Site "Montevideo URU"]
[Date "2015.05.15"]
[Round "1.45"]
[White "Ortiz, Jorge"]
[Black "Acosta, Pablo Ismael"]
[Result "0-1"]
[BlackTitle "IM"]
[WhiteElo "1894"]
[BlackElo "2320"]
[WhiteFideId "113972"]
[BlackFideId "124311"]
[EventDate "2015.05.15"]
[EventType "swiss"]

1. e4 c5 2. Nf3 d6 3. Bb5+ Bd7 4. Bxd7+ Nxd7 5. d4 cxd4 6. Qxd4 Ngf6 7. O-O e5
8. Qe3 Be7 9. c4 Qb6 10. Nc3 Qc6 11. b3 a6 12. Bb2 b5 13. Nd2 O-O 14. Rac1 Qb7
15. Nd5 Nxd5 16. cxd5 Rac8 17. Kh1 f5 18. f3 h6 19. Qd3 Nc5 20. Qe2 Bg5 21. Rfe1
fxe4 22. Nxe4 Bxc1 23. Nxd6 Qd7 24. Nxc8 Bxb2 25. b4 Na4 0-1

[Event "10th American Continental"]
[Site "Montevideo URU"]
[Date "2015.05.15"]
[Round "1.46"]
[White "Pereira, Silvio Cunha"]
[Black "Croes, Octavio"]
[Result "1-0"]
[WhiteTitle "FM"]
[BlackTitle "CM"]
[WhiteElo "2284"]
[BlackElo "1887"]
[WhiteFideId "2100703"]
[BlackFideId "1007220"]
[EventDate "2015.05.15"]
[EventType "swiss"]

1. e4 c5 2. Nf3 d6 3. d4 cxd4 4. Qxd4 Nc6 5. Bb5 Bd7 6. Bxc6 Bxc6 7. c4 Nf6 8.
Nc3 g6 9. O-O Bg7 10. Re1 O-O 11. Qd2 a6 12. a4 e6 13. Nd4 Qb6 14. a5 Qc5 15.
Na4 Bxa4 16. Rxa4 Ng4 17. Nf3 Ne5 18. Nxe5 Bxe5 19. b3 Rad8 20. Ba3 Qa7 21. Bb2
Bxb2 22. Qxb2 d5 23. cxd5 exd5 24. e5 d4 25. Rc4 b5 26. Rc6 Rfe8 27. Qd2 Qb7 28.
Rd6 Qc7 29. Rc1 Qa7 30. h3 Rc8 31. Rxc8 Rxc8 32. Rxd4 Qc7 33. Rd6 Re8 34. f4
Qc5+ 35. Qd4 Qc1+ 36. Kh2 Rc8 37. Rxa6 Qe1 38. e6 fxe6 39. Ra7 e5 40. Qd7 1-0

[Event "10th American Continental"]
[Site "Montevideo URU"]
[Date "2015.05.15"]
[Round "1.47"]
[White "Gomes, Marco Tulio"]
[Black "Valenzuela Gomez, Fernando"]
[Result "0-1"]
[WhiteElo "1883"]
[BlackElo "2282"]
[WhiteFideId "2115271"]
[BlackFideId "3409392"]
[EventDate "2015.05.15"]
[EventType "swiss"]

1. e4 c5 2. Nc3 d6 3. g3 Nc6 4. Bg2 g6 5. d3 Bg7 6. f4 e6 7. Nf3 Nge7 8. O-O d5
9. e5 O-O 10. Qe1 Nf5 11. g4 Nfd4 12. Qf2 f6 13. Nxd4 cxd4 14. exf6 Bxf6 15. Ne2
Qd6 16. Bd2 Bd7 17. Qg3 Bg7 18. Rae1 Qc5 19. Rc1 Rae8 20. a3 a5 21. Kh1 Kh8 22.
c3 Qb6 23. cxd4 Qxb2 24. Qe1 Qxa3 0-1

[Event "10th American Continental"]
[Site "Montevideo URU"]
[Date "2015.05.15"]
[Round "1.48"]
[White "Muniz, Rafael"]
[Black "Campora, Edgardo"]
[Result "1-0"]
[WhiteElo "2281"]
[BlackElo "1847"]
[WhiteFideId "3000486"]
[BlackFideId "3003612"]
[EventDate "2015.05.15"]
[EventType "swiss"]

1. e4 d6 2. d4 Nf6 3. Nc3 g6 4. h3 Bg7 5. Nf3 O-O 6. Be2 c6 7. a4 Nbd7 8. Be3
Qc7 9. O-O e5 10. dxe5 dxe5 11. Qd3 a5 12. Rfd1 b6 13. Qd6 Qxd6 14. Rxd6 Bb7 15.
Rad1 Rfe8 16. Rxd7 Nxd7 17. Rxd7 Ba6 18. Bxa6 Rxa6 19. Nd2 b5 20. axb5 cxb5 21.
Nxb5 Rb8 22. c4 a4 23. Kf1 Bf8 24. Ke2 f5 25. f3 f4 26. Ba7 Rc8 27. Kd3 Bb4 28.
Nb1 Rac6 29. N1a3 g5 30. Rd5 Re8 31. c5 Ba5 32. Nc4 Bc7 33. Nxc7 Rxc7 34. Bb6
Rce7 35. c6 1-0

[Event "10th American Continental"]
[Site "Montevideo URU"]
[Date "2015.05.15"]
[Round "1.49"]
[White "Larrea, Osvaldo"]
[Black "Menna Barreto, Felipe Kubiaki"]
[Result "0-1"]
[BlackTitle "FM"]
[WhiteElo "1843"]
[BlackElo "2271"]
[WhiteFideId "3004546"]
[BlackFideId "2119757"]
[EventDate "2015.05.15"]
[EventType "swiss"]

1. f4 Nf6 2. Nf3 g6 3. b3 Bg7 4. Bb2 O-O 5. e3 c5 6. Nc3 d5 7. Be2 Nc6 8. O-O d4
9. Na4 b6 10. Bb5 Bb7 11. Bxc6 Bxc6 12. exd4 cxd4 13. Nxd4 Bxa4 14. bxa4 Ne4 15.
Nc6 Qd6 16. Bxg7 Kxg7 17. Ne5 Qd4+ 18. Kh1 Nf2+ 19. Rxf2 Qxf2 20. Nf3 Rac8 21.
c3 Rfd8 22. Qb3 Qc5 23. Re1 e6 24. Re3 Qf5 25. g3 Rd3 26. Nd4 Qh3 27. Qb1 Rxe3
28. dxe3 Rxc3 29. Qa1 Kg8 30. Qe1 Ra3 31. Qd1 Rxa2 32. Nc2 0-1